Una introducción a Lonergan /

Պահպանված է:
Մատենագիտական մանրամասներ
Հիմնական հեղինակ: Bravo, Armando J. (autor)
Ձևաչափ: Գիրք
Լեզու:իսպաներեն
Հրապարակվել է: México : Universidad Iberoamericana Ciudad de México, 2000, c2000
Խորագրեր:
Ցուցիչներ: Ավելացրեք ցուցիչ
Չկան պիտակներ, Եղեք առաջինը, ով նշում է այս գրառումը!

MARC

LEADER 00000nam^a2200000^a^4500
001 000398546
005 20250521000000.0
009 20260526143451.257
020 |a 968-859-413-X 
037 |a Acervo Xavier Clavigero 
041 |a ESP 
082 |a 121.  |b LON EST BRA 
100 |a Bravo, Armando J.  |e (autor) 
245 1 4 |a Una introducción a Lonergan /  |c A.J. Bravo. 
264 4 |a México :  |b Universidad Iberoamericana Ciudad de México,  |c 2000, c2000 
300 |a 263 p. 
336 |a texto  |b txt  |2 rdacontenido 
337 |a sin mediación  |b n  |2 rdamedio 
338 |a volumen  |b nc  |2 rdasoporte 
545 0 |a Bernard Lonergan (1904-1984), jesuita canadiense y doctor en teología, profesor de ésta disciplina por más de treinta y cinco años, su pensamiento trata dos cuestiones fundamentales: el desarrollo de una teoría del conocimiento donde la autoapropiación del sujeto es una categoría clave, y la construcción de un método para una teología contemporánea. Desde estos aportes aborda ulteriores campos relacionados con el dinamismo transformador de la acción humana en el ámbito de la moral, lo social, la dialéctica de la historia, la autotrascendencia y la religión. Entre sus obras se encuentran La inteligencia: estudio sobre la comprensión de la experiencia, El método en teología, Gracia y libertad, El sujeto, y otras. 
649 |a XX 
650 |a Filósofos Canadienses 
650 |a Teólogos Canadienses 
650 |a Jesuitas Canadienses 
650 |a Religiosos Canadienses 
650 |a Jesucristo 
650 |a Experiencia Religiosa 
650 |a Fe 
650 |a Epistemología 
650 |a Etica 
650 |a Teología 
650 |a Filosofía del Siglo XX 
650 |a Filosofía y Religión -  |x Tema Principal 
650 |a Cristianismo 
650 |a Religión 
650 |a Lonergan, Bernard -  |x Tema Principal 
910 |a Fondo Jesús Vergara Aceves S.J. 
920 |a Impresos - Libros 
930 |a Fondos Especiales 
905 |a 119 
901 |a 0500293706  |b IT2  |c ESP  |i D3049  |u 20250521 
902 |a https://opac.biblio.iteso.mx/vufind/Record/000398546